[Event "SR 1. liga zapad 2015/2016"]
[Site "?"]
[Date "2016.03.19"]
[Round "10.2"]
[White "Straka, Jozef Ml"]
[Black "Petran, Peter"]
[Result "1/2-1/2"]
[WhiteElo "2285"]
[BlackElo "2345"]
[PlyCount "65"]
[EventDate "2015.??.??"]

1. d4 g6 2. e4 Bg7 3. Nc3 c6 4. f4 d5 5. e5 Nh6 6. Nf3 Bg4 7. Be3 f6 8. Bd3 O-O
9. O-O fxe5 10. fxe5 Nf5 11. Bxf5 Rxf5 12. h3 Bxf3 13. Rxf3 Rxf3 14. Qxf3 e6
15. Rf1 Qd7 16. Bg5 c5 17. Ne2 Nc6 18. c3 Rf8 19. Bf6 cxd4 20. cxd4 Rf7 21. Qg4
Bxf6 22. exf6 e5 23. dxe5 Qxg4 24. hxg4 Nxe5 25. g5 Rd7 26. Nd4 Kf7 27. b3 Nc6
28. Nxc6 bxc6 29. Rc1 Ke6 30. Rxc6+ Kf5 31. Rc5 Kxg5 32. f7 Rxf7 33. Rxd5+
1/2-1/2

[Event "SR 1. liga zapad 2015/2016"]
[Site "?"]
[Date "2016.03.19"]
[Round "10.2"]
[White "Franzen, Jozef"]
[Black "Jakubek, Peter"]
[Result "1-0"]
[WhiteElo "2264"]
[BlackElo "2201"]
[PlyCount "57"]
[EventDate "2015.??.??"]

1. e4 c6 2. d4 d5 3. exd5 cxd5 4. Bd3 Nc6 5. c3 Qc7 6. Ne2 Bg4 7. f3 Bd7 8. Bf4
e5 9. dxe5 Nxe5 10. Bc2 Bd6 11. Nd2 Nxf3+ 12. Nxf3 Bxf4 13. Nxf4 Qxf4 14. O-O
Ne7 15. Qe2 Qc4 16. Qe3 Be6 17. Ng5 Qa6 18. Rae1 O-O-O 19. Nxf7 Bxf7 20. Rxf7
Ng6 21. Rxg7 Kb8 22. a3 Qc6 23. Qg3+ Ka8 24. Qc7 Qb5 25. Rxh7 Rhe8 26. Rxe8
Rxe8 27. h3 Nf8 28. Ba4 Re1+ 29. Kh2 1-0

[Event "SR 1. liga zapad 2015/2016"]
[Site "?"]
[Date "2016.03.19"]
[Round "10.2"]
[White "Obona, Jan"]
[Black "Ruckschloss, Karol"]
[Result "1/2-1/2"]
[WhiteElo "2251"]
[BlackElo "2259"]
[PlyCount "62"]
[EventDate "2015.??.??"]

1. Nf3 g6 2. c4 Bg7 3. Nc3 f5 4. g3 e5 5. e4 d6 6. d4 Nc6 7. dxe5 Nxe5 8. Nxe5
dxe5 9. Qxd8+ Kxd8 10. Bg5+ Bf6 11. O-O-O+ Bd7 12. h4 c6 13. exf5 gxf5 14. Bh3
Kc7 15. Rxd7+ Kxd7 16. Bxf5+ Kc7 17. Ne4 Be7 18. Re1 h6 19. Bxe7 Nxe7 20. Bh3
Rhf8 21. Nc5 Rxf2 22. Rd1 Re8 23. Rd7+ Kb8 24. Rxb7+ Ka8 25. Rd7 Nc8 26. Rg7
Nb6 27. a4 a5 28. Na6 Ref8 29. Nc7+ Kb8 30. Na6+ Ka8 31. Nc7+ Kb8 1/2-1/2

[Event "SR 1. liga zapad 2015/2016"]
[Site "?"]
[Date "2016.03.19"]
[Round "10.2"]
[White "Janos, Martin"]
[Black "Kukucka, Matej"]
[Result "1/2-1/2"]
[WhiteElo "2231"]
[BlackElo "2141"]
[PlyCount "92"]
[EventDate "2015.??.??"]

1. e4 c5 2. d4 cxd4 3. Nf3 Nc6 4. Nxd4 e5 5. Ne2 Nf6 6. Nbc3 Bc5 7. Ng3 O-O 8.
Be2 h6 9. a3 a6 10. O-O d6 11. Kh1 Be6 12. Be3 Ba7 13. Qd2 Nd4 14. f4 Nxc2 15.
Bxa7 Nxa1 16. Be3 Nb3 17. Qe1 Nd4 18. Bd1 Rc8 19. Qd2 Bc4 20. Rf2 Nb3 21. Qe1
Nd4 22. h3 Nh7 23. Rd2 Qh4 24. f5 Nc6 25. b3 Bb5 26. Nd5 Nd4 27. f6 Nxf6 28.
Ne7+ Kh8 29. Nxc8 Nxe4 30. Bxd4 Nxg3+ 31. Kg1 exd4 32. Nxd6 Bc6 33. Qf2 f5 34.
Rxd4 f4 35. Bg4 Qf6 36. Nc4 h5 37. Rd6 Qa1+ 38. Rd1 Qf6 39. Bf3 Rd8 40. Re1
Bxf3 41. Qxf3 b5 42. Ne5 Rc8 43. Kh2 Re8 44. Qd5 Nf1+ 45. Kg1 Ng3 46. Kh2 Nf1+
1/2-1/2

[Event "SR 1. liga zapad 2015/2016"]
[Site "?"]
[Date "2016.03.19"]
[Round "10.2"]
[White "Kvassay, Peter"]
[Black "Travenec, Igor"]
[Result "1/2-1/2"]
[WhiteElo "2041"]
[BlackElo "2192"]
[PlyCount "34"]
[EventDate "2015.??.??"]

1. d4 Nf6 2. Nf3 e6 3. c4 d5 4. g3 c6 5. Bg2 Nbd7 6. Nbd2 Be7 7. O-O O-O 8. Qc2
Re8 9. e4 Nxe4 10. Nxe4 dxe4 11. Qxe4 c5 12. Rd1 cxd4 13. Nxd4 Nc5 14. Qe2 Qb6
15. b4 Qxb4 16. Nb5 Qa5 17. Bf4 Na6 1/2-1/2

[Event "SR 1. liga zapad 2015/2016"]
[Site "?"]
[Date "2016.03.19"]
[Round "10.2"]
[White "Janos, Jozef"]
[Black "Budaj, Peter"]
[Result "1-0"]
[WhiteElo "2145"]
[BlackElo "2045"]
[PlyCount "57"]
[EventDate "2015.??.??"]

1. d4 Nf6 2. Nf3 g6 3. c4 Bg7 4. Nc3 d6 5. g3 O-O 6. Bg2 c5 7. d5 a6 8. a4 Nbd7
9. O-O Qc7 10. h3 Ne5 11. Nd2 e6 12. f4 Ned7 13. e4 exd5 14. cxd5 Re8 15. Re1
Nf8 16. Nc4 N6d7 17. Kh2 f5 18. e5 dxe5 19. d6 Qd8 20. Qd5+ Kh8 21. fxe5 Ne6
22. a5 Rb8 23. Na4 Nd4 24. e6 Nf6 25. e7 Nxd5 26. exd8=Q Rxd8 27. Bxd5 Nc2 28.
Bg5 Rf8 29. Be7 1-0

[Event "SR 1. liga zapad 2015/2016"]
[Site "?"]
[Date "2016.03.19"]
[Round "10.2"]
[White "Capak, Stefan"]
[Black "Mikulas, Dusan"]
[Result "0-1"]
[WhiteElo "1985"]
[BlackElo "2065"]
[PlyCount "95"]
[EventDate "2015.??.??"]

1. d4 d5 2. c4 e6 3. Nc3 Nf6 4. Bg5 Be7 5. e3 Nbd7 6. cxd5 exd5 7. Bd3 O-O 8.
Qc2 Re8 9. Nf3 c6 10. O-O h6 11. Bh4 Ne4 12. Bxe7 Qxe7 13. a3 Nf8 14. b4 a6 15.
Rab1 Ng6 16. a4 Bf5 17. Nd2 Nh4 18. Ne2 Nxd2 19. Qxd2 Bh3 20. Ng3 Bxg2 21. Qc2
Bxf1 22. Bxf1 Nf3+ 23. Kg2 Ng5 24. Qf5 Ne4 25. Bd3 Qg5 26. Bxe4 dxe4 27. Rc1
Qxf5 28. Nxf5 Rad8 29. Ng3 Rd5 30. h4 g6 31. a5 Rb5 32. Rc4 f5 33. Ne2 Rd5 34.
Kg3 Kf7 35. Nf4 Rd6 36. Rc5 Kf6 37. Ne2 g5 38. hxg5+ hxg5 39. Nc3 Rh8 40. d5 g4
41. b5 cxb5 42. Rc7 b4 43. Ne2 Rxd5 44. Rxb7 Rb5 45. Rc7 b3 46. Rc6+ Ke7 47.
Rc1 b2 48. Rb1 0-1

[Event "SR 1. liga zapad 2015/2016"]
[Site "?"]
[Date "2016.03.19"]
[Round "10.3"]
[White "Schwarz, Dusan"]
[Black "Chovan, Milan Ml"]
[Result "1-0"]
[WhiteElo "2282"]
[BlackElo "2304"]
[PlyCount "85"]
[EventDate "2015.??.??"]

1. d4 Nf6 2. c4 g6 3. f3 d5 4. cxd5 Nxd5 5. e4 Nb6 6. Nc3 Bg7 7. Be3 O-O 8. Qd2
Nc6 9. O-O-O f5 10. e5 Nb4 11. Nh3 Be6 12. Kb1 Qd7 13. Nf4 N4d5 14. h4 Nxf4 15.
Bxf4 Rfd8 16. h5 c5 17. dxc5 Qxd2 18. Rxd2 Rxd2 19. Bxd2 Nd7 20. hxg6 hxg6 21.
f4 Nxc5 22. Be3 Rc8 23. g3 b6 24. Bg2 Rd8 25. Rd1 Rxd1+ 26. Nxd1 Bc4 27. Nc3 g5
28. b3 Bd3+ 29. Kc1 gxf4 30. gxf4 Kf7 31. Kd2 Be4 32. Bh3 Ne6 33. b4 Bh6 34.
Nxe4 fxe4 35. Bxe6+ Kxe6 36. f5+ Kxf5 37. Bxh6 Kxe5 38. Be3 Kd5 39. Kc3 e6 40.
a4 e5 41. b5 Kd6 42. Kc4 Ke6 43. a5 1-0

[Event "SR 1. liga zapad 2015/2016"]
[Site "?"]
[Date "2016.03.19"]
[Round "10.3"]
[White "Briestensky, Rastislav St"]
[Black "Vlcek, Stanislav"]
[Result "1-0"]
[WhiteElo "2340"]
[BlackElo "2296"]
[PlyCount "97"]
[EventDate "2015.??.??"]

1. e4 c5 2. Nf3 d6 3. Bb5+ Bd7 4. Bxd7+ Qxd7 5. O-O Nc6 6. c3 Nf6 7. Re1 e6 8.
d4 cxd4 9. cxd4 d5 10. e5 Ne4 11. h4 Bb4 12. Re2 Rc8 13. a3 Be7 14. Nbd2 Nxd2
15. Bxd2 O-O 16. Qb3 Bxh4 17. Nxh4 Nxd4 18. Qd3 Nxe2+ 19. Qxe2 Rc2 20. b3 Qc6
21. Nf3 Qb6 22. Qd3 Rfc8 23. Nd4 R2c7 24. g3 Qa6 25. Qe3 h6 26. Kg2 Kh7 27. a4
b6 28. Rh1 Rh8 29. g4 Kg8 30. f4 Qc8 31. f5 exf5 32. gxf5 Qe8 33. Qg3 h5 34. f6
g6 35. e6 Qd8 36. e7 Rxe7 37. fxe7 Qxe7 38. Re1 Qf6 39. Qf4 Kg7 40. Qxf6+ Kxf6
41. Bb4 Rc8 42. Be7+ Kg7 43. Rf1 f5 44. Bg5 Re8 45. Rc1 Re4 46. Rc7+ Kf8 47.
Nf3 Re2+ 48. Kg3 Rb2 49. Nd4 1-0

[Event "SR 1. liga zapad 2015/2016"]
[Site "?"]
[Date "2016.03.19"]
[Round "10.3"]
[White "Dudas, Jan"]
[Black "Martiska, Peter"]
[Result "1/2-1/2"]
[WhiteElo "2205"]
[BlackElo "2245"]
[PlyCount "50"]
[EventDate "2015.??.??"]

1. d4 Nf6 2. Nf3 e6 3. Bf4 b6 4. e3 Bb7 5. h3 Be7 6. Bd3 O-O 7. Nbd2 c5 8. c3
Ba6 9. Bxa6 Nxa6 10. O-O Nb8 11. Qe2 Nc6 12. Rad1 cxd4 13. exd4 d6 14. Rfe1 Qd7
15. Bg5 Rac8 16. Bxf6 Bxf6 17. Ne4 d5 18. Nxf6+ gxf6 19. Nh2 Kh8 20. Qh5 Rg8
21. Ng4 Rg6 22. Qh4 Qd8 23. f4 f5 24. Qxd8+ Rxd8 25. Ne5 Nxe5 1/2-1/2

[Event "SR 1. liga zapad 2015/2016"]
[Site "?"]
[Date "2016.03.19"]
[Round "10.3"]
[White "Chlpik, Martin"]
[Black "Macko, Peter"]
[Result "1-0"]
[WhiteElo "2131"]
[BlackElo "2124"]
[PlyCount "79"]
[EventDate "2015.??.??"]

1. d4 Nf6 2. Bf4 c5 3. e3 g6 4. Nf3 Bg7 5. h3 O-O 6. Nbd2 b6 7. Be2 Bb7 8. O-O
d6 9. c3 Nbd7 10. a4 Re8 11. Bh2 e5 12. Nc4 Ne4 13. Bd3 Qe7 14. Qb3 d5 15. Bxe4
dxc4 16. Qc2 Bxe4 17. Qxe4 exd4 18. Qxe7 Rxe7 19. cxd4 cxd4 20. exd4 Re2 21.
Rac1 Rc8 22. Rb1 a6 23. Rfe1 Rce8 24. Kf1 Rxe1+ 25. Nxe1 Nf6 26. Rc1 b5 27.
axb5 axb5 28. Ra1 Ne4 29. Nf3 h6 30. Re1 Bxd4 31. Be5 Nd2+ 32. Nxd2 Rxe5 33.
Rb1 Rc5 34. Ne4 Rc6 35. Nc3 b4 36. Nd5 c3 37. Ne7+ Kf8 38. Nxc6 c2 39. Rc1 Bxb2
40. Rxc2 1-0

[Event "SR 1. liga zapad 2015/2016"]
[Site "?"]
[Date "2016.03.19"]
[Round "10.3"]
[White "Lecky, Juraj"]
[Black "Briestenska, Andrea"]
[Result "1/2-1/2"]
[WhiteElo "2077"]
[BlackElo "1980"]
[PlyCount "36"]
[EventDate "2015.??.??"]

1. e4 d6 2. d4 Nf6 3. Nc3 c6 4. Be3 Qc7 5. h3 e5 6. Nf3 Be7 7. a4 a5 8. Be2 O-O
9. O-O Re8 10. Qd2 Nbd7 11. Rad1 Bf8 12. dxe5 dxe5 13. Bc4 h6 14. Qe2 Nc5 15.
Nd2 Ne6 16. Bxe6 Bxe6 17. Qf3 Be7 18. Rfe1 Rab8 1/2-1/2

[Event "SR 1. liga zapad 2015/2016"]
[Site "?"]
[Date "2016.03.19"]
[Round "10.3"]
[White "Stehlik, Peter"]
[Black "Kovacova, Zuzana"]
[Result "0-1"]
[WhiteElo "2008"]
[BlackElo "2082"]
[PlyCount "100"]
[EventDate "2015.??.??"]

1. d4 d5 2. Nf3 Nf6 3. g3 c6 4. Bg2 e6 5. O-O Bd6 6. c4 O-O 7. Nc3 Nbd7 8. c5
Bc7 9. Bf4 Bxf4 10. gxf4 Re8 11. Qd3 Nf8 12. b4 Ng6 13. e3 a5 14. b5 Ng4 15.
Ne2 Nh4 16. Nxh4 Qxh4 17. h3 Nh6 18. e4 Bd7 19. bxc6 bxc6 20. e5 Bc8 21. Qd2
Nf5 22. Rfb1 Ba6 23. Nc3 Qh5 24. Rb6 Qg6 25. Kh2 Nh4 26. Bh1 Rec8 27. Rg1 Qf5
28. Rg5 Qd3 29. Qxd3 Bxd3 30. Rg3 Bc4 31. Rg1 Nf5 32. Rd1 Rab8 33. Bf3 Rxb6 34.
cxb6 Rb8 35. Bg4 Rxb6 36. Rd2 Rb4 37. Bxf5 exf5 38. Kg3 a4 39. Nd1 a3 40. Kf3
Kf8 41. Ke3 Rb1 42. Kf3 Ke7 43. h4 Kd7 44. Ne3 Rb2 45. Nxc4 dxc4 46. Rd1 Ke6
47. Rc1 Kd5 48. Ke3 Rxa2 49. Rc3 Ra1 50. f3 a2 0-1

[Event "SR 1. liga zapad 2015/2016"]
[Site "?"]
[Date "2016.03.19"]
[Round "10.3"]
[White "Polacik, Igor"]
[Black "Hlavina, Lubomir Ml"]
[Result "1/2-1/2"]
[WhiteElo "2152"]
[BlackElo "1997"]
[PlyCount "51"]
[EventDate "2015.??.??"]

1. e4 e5 2. Nc3 Nf6 3. Bc4 Nc6 4. d3 Be7 5. Nge2 d6 6. O-O Be6 7. Bb5 a6 8. Ba4
O-O 9. f4 b5 10. Bb3 Bxb3 11. axb3 exf4 12. Nxf4 Ne5 13. Ncd5 Nxd5 14. Nxd5 c6
15. Nxe7+ Qxe7 16. Bf4 a5 17. Qd2 Qc7 18. Qf2 Ng6 19. Bg3 Ne5 20. h3 Rfd8 21.
Ra2 Ra7 22. Bf4 Rda8 23. Rfa1 c5 24. Qg3 f6 25. Qe1 Nc6 26. c3 1/2-1/2

[Event "SR 1. liga zapad 2015/2016"]
[Site "?"]
[Date "2016.03.19"]
[Round "10.3"]
[White "Amrich, Martin"]
[Black "Nemsak, Denis"]
[Result "1/2-1/2"]
[WhiteElo "1988"]
[BlackElo "2095"]
[PlyCount "79"]
[EventDate "2015.??.??"]

1. e4 d5 2. exd5 Nf6 3. d4 Nxd5 4. c4 Nb6 5. Nc3 g6 6. Be3 Bg7 7. Rc1 O-O 8. b3
Nc6 9. Nf3 Bg4 10. d5 Ne5 11. Be2 c6 12. Nxe5 Bxe2 13. Qxe2 Bxe5 14. Bh6 Bg7
15. Bxg7 Kxg7 16. Qe5+ f6 17. Qe6 Qd6 18. Qe4 cxd5 19. cxd5 Rac8 20. O-O Rc5
21. Qf3 f5 22. b4 Rc4 23. Nb5 Qxb4 24. Rb1 Qc5 25. d6 exd6 26. Nxa7 d5 27. Rfe1
Re4 28. Rec1 Nc4 29. Rxb7+ Rf7 30. Qc3+ d4 31. Rxf7+ Kxf7 32. Qb3 Kg7 33. g3
Qxa7 34. Qxc4 Qa3 35. Rb1 Qf3 36. a4 d3 37. Qc3+ Kh6 38. Qd2+ f4 39. Rd1 Rxa4
40. Qxd3 1/2-1/2

[Event "SR 1. liga zapad 2015/2016"]
[Site "?"]
[Date "2016.03.19"]
[Round "10.4"]
[White "Maslik, Miroslav"]
[Black "Petenyi, Tamas"]
[Result "1/2-1/2"]
[WhiteElo "2349"]
[BlackElo "2450"]
[PlyCount "116"]
[EventDate "2015.??.??"]

1. d4 g6 2. e4 Bg7 3. Nc3 d6 4. Nf3 Nf6 5. h3 O-O 6. Be2 c6 7. Bf4 b5 8. e5 Ne8
9. O-O Nd7 10. exd6 Nxd6 11. d5 b4 12. dxc6 bxc3 13. cxd7 Qxd7 14. bxc3 Ne4 15.
Qxd7 Bxd7 16. Ne5 Nxc3 17. Bf3 Bb5 18. Rfe1 Rac8 19. a4 Nxa4 20. c4 Be8 21. Ra3
g5 22. Bd2 Rc7 23. Nc6 Bxc6 24. Bxc6 Rxc6 25. Rxa4 Bf6 26. Re4 Rfc8 27. Rg4 h6
28. Be3 Kg7 29. c5 R8c7 30. Ra5 Bc3 31. Ra3 Be5 32. f4 f5 33. Rg3 Bf6 34. fxg5
hxg5 35. Bxg5 Bxg5 36. Rxg5+ Kf6 37. Rg8 Rxc5 38. Rf8+ Kg5 39. Ra8 e5 40. R8xa7
Rxa7 41. Rxa7 f4 42. Rf7 e4 43. Rf8 e3 44. Re8 Rc1+ 45. Kh2 Rc2 46. Kg1 Rc1+
47. Kh2 Re1 48. Re5+ Kf6 49. Re8 Kf5 50. Re7 Re2 51. Kg1 Kg5 52. Re8 Kf6 53.
Re4 Kf5 54. Re8 Re1+ 55. Kh2 Kg5 56. Re5+ Kg6 57. Re6+ Kf7 58. Re4 Rf1 1/2-1/2

[Event "SR 1. liga zapad 2015/2016"]
[Site "?"]
[Date "2016.03.19"]
[Round "10.4"]
[White "Maros, Milan"]
[Black "Balogh, Tomas"]
[Result "1/2-1/2"]
[WhiteElo "2329"]
[BlackElo "2335"]
[PlyCount "106"]
[EventDate "2015.??.??"]

1. Nf3 d5 2. c4 c6 3. g3 Nf6 4. Bg2 Bf5 5. b3 e6 6. Bb2 h6 7. O-O Be7 8. d3 O-O
9. Nbd2 a5 10. Qc2 Bh7 11. Bc3 Nbd7 12. a3 b5 13. cxb5 cxb5 14. b4 axb4 15.
Bxb4 Ra4 16. Rfb1 Bxb4 17. Rxb4 Rxb4 18. axb4 Qb6 19. Nb3 Rb8 20. Qc3 Bg6 21.
Bf1 Bh5 22. Nfd2 Qd6 23. e3 Nb6 24. Qc5 Qd7 25. Qc1 Qd6 26. Qc5 Qd7 27. Qc1 Qd6
28. Nd4 e5 29. Nxb5 Qxb4 30. Rb1 Qe7 31. d4 Bg6 32. Rb3 Nbd7 33. Qc7 exd4 34.
Nxd4 Rxb3 35. N2xb3 Kh7 36. Bb5 Qe5 37. Qxe5 Nxe5 38. Nc5 Ne4 39. Nd7 Nxd7 40.
Bxd7 Nf6 41. Bb5 Kg8 42. Kf1 Kf8 43. Nc6 Ke8 44. Ke2 Kd7 45. f3 Kd6 46. h4 Bb1
47. Nd4 g5 48. Bd3 Bxd3+ 49. Kxd3 gxh4 50. Nf5+ Ke6 51. Nxh4 Nh5 52. g4 Ng7 53.
e4 dxe4+ 1/2-1/2

[Event "SR 1. liga zapad 2015/2016"]
[Site "?"]
[Date "2016.03.19"]
[Round "10.4"]
[White "Sahidi, Samir"]
[Black "Mokos, Jozef"]
[Result "1/2-1/2"]
[WhiteElo "2202"]
[BlackElo "2246"]
[PlyCount "107"]
[EventDate "2015.??.??"]

1. c4 e6 2. d4 d5 3. Nc3 c6 4. e3 Nf6 5. Nf3 Nbd7 6. Bd3 dxc4 7. Bxc4 b5 8. Bb3
Bb7 9. Ng5 b4 10. Ne2 Bd6 11. Nf4 Nf8 12. O-O Qa5 13. Nf3 Ng6 14. Re1 Nxf4 15.
exf4 O-O 16. Ne5 c5 17. Nc4 Qc7 18. Nxd6 Qxd6 19. dxc5 Qxc5 20. Be3 Qc6 21. f3
Rfd8 22. Qc1 Nd5 23. Qxc6 Bxc6 24. Rac1 Nxe3 25. Rxe3 Bd5 26. Rc2 Bxb3 27. axb3
g6 28. Kf2 a5 29. Ke2 Kf8 30. Re5 Rd4 31. Re4 Rd5 32. Rec4 Rad8 33. Rc7 Ke8 34.
Ra7 R8d7 35. Ra8+ Ke7 36. Rac8 h5 37. R8c5 Kd8 38. Rxd5 Rxd5 39. Rd2 Rxd2+ 40.
Kxd2 Kd7 41. Kd3 h4 42. g3 hxg3 43. hxg3 Kd6 44. Kc4 Kc6 45. Kd4 Kd6 46. g4 f6
47. Ke4 Kc5 48. g5 fxg5 49. fxg5 Kd6 50. f4 Kd7 51. Kd3 Kc7 52. Ke3 Kc6 53. Ke4
Kd7 54. Ke3 1/2-1/2

[Event "SR 1. liga zapad 2015/2016"]
[Site "?"]
[Date "2016.03.19"]
[Round "10.4"]
[White "Debnar, Lubos"]
[Black "Macko, Miroslav"]
[Result "0-1"]
[WhiteElo "2305"]
[BlackElo "2198"]
[PlyCount "79"]
[EventDate "2015.??.??"]

1. d4 Nf6 2. c4 c5 3. d5 b5 4. cxb5 a6 5. bxa6 g6 6. Nc3 Bxa6 7. e4 Bxf1 8.
Kxf1 d6 9. g3 Bg7 10. Kg2 O-O 11. Nf3 Nbd7 12. a4 Ra6 13. Qc2 Qa8 14. Rd1 Rb8
15. Ra3 Rb4 16. Kg1 Nb6 17. b3 c4 18. bxc4 Nfd7 19. Qd3 Nc5 20. Qc2 Nxc4 21.
Ra2 Rb3 22. Nd4 Rb7 23. Nc6 Ne5 24. Nxe5 Bxe5 25. Be3 Rb4 26. Bxc5 dxc5 27. Ra3
c4 28. Rb1 Rxb1+ 29. Qxb1 Qa7 30. Qb5 Rf6 31. Nd1 Qd4 32. Ne3 Qd2 33. Ng4 Qd1+
34. Kg2 Qxg4 35. Qxc4 Qd1 36. a5 Qd2 37. Qf1 Bd4 38. Rf3 Rxf3 39. Kxf3 Qxa5 40.
Qd3 0-1

[Event "SR 1. liga zapad 2015/2016"]
[Site "?"]
[Date "2016.03.19"]
[Round "10.4"]
[White "Slacky, Stanislav"]
[Black "Kalisky, Vladimir"]
[Result "0-1"]
[WhiteElo "2176"]
[BlackElo "2246"]
[PlyCount "100"]
[EventDate "2015.??.??"]

1. d4 Nf6 2. c4 c5 3. Nf3 d5 4. cxd5 cxd4 5. Qxd4 Qxd5 6. Nc3 Qxd4 7. Nxd4 a6
8. e4 e5 9. Nc2 Be6 10. Bg5 Nc6 11. Ne3 Rc8 12. Bxf6 gxf6 13. Bd3 Bb4 14. O-O
Bxc3 15. bxc3 Na5 16. c4 O-O 17. Rfc1 Rfd8 18. Nd5 Kg7 19. Rab1 b5 20. cxb5
Rxc1+ 21. Rxc1 Bxd5 22. exd5 Rxd5 23. Be4 Rxb5 24. f3 Nb7 25. Bd3 Ra5 26. Rb1
Nc5 27. Bc4 Ra4 28. Rc1 Ne6 29. Bb3 Rb4 30. Rc6 a5 31. Ra6 Nc5 32. Rxa5 Nxb3
33. axb3 Rxb3 34. Kf2 Rb2+ 35. Kg3 Re2 36. f4 Kg6 37. Kf3 Re1 38. g3 e4+ 39.
Kf2 Rb1 40. g4 Rb2+ 41. Kg3 Rb3+ 42. Kg2 Rf3 43. f5+ Kg5 44. h3 Kf4 45. Ra7
Rg3+ 46. Kh2 Rb3 47. Rxf7 Kf3 48. Kg1 e3 49. Re7 e2 50. g5 Rb1+ 0-1

[Event "SR 1. liga zapad 2015/2016"]
[Site "?"]
[Date "2016.03.19"]
[Round "10.4"]
[White "Skreno, Vladimir"]
[Black "Dujava, Daniel"]
[Result "0-1"]
[WhiteElo "2226"]
[BlackElo "2135"]
[PlyCount "86"]
[EventDate "2015.??.??"]

1. d4 Nf6 2. Nf3 e6 3. c4 b6 4. g3 Ba6 5. b3 Bb4+ 6. Bd2 Be7 7. Bg2 c6 8. Bc3
d5 9. Ne5 Nfd7 10. Nxd7 Nxd7 11. Nd2 O-O 12. O-O Nf6 13. e4 b5 14. cxb5 cxb5
15. e5 Nd7 16. b4 Rc8 17. Rc1 Nb6 18. Nb3 Rxc3 19. Rxc3 Bxb4 20. Rc2 Nc4 21.
Qd3 Qb6 22. Kh1 Be7 23. Rfc1 b4 24. Qd1 Bg5 25. Ra1 Na3 26. Rb2 Bc4 27. Nc5 Qb5
28. f4 Be7 29. Nb3 Qb6 30. Rd2 Nb5 31. Rc1 a5 32. Qg1 Nc3 33. Qe3 a4 34. Nc5
Rc8 35. Nd3 Ra8 36. a3 Na2 37. Rxc4 dxc4 38. Nxb4 Nxb4 39. Bxa8 Nd5 40. Qe2 c3
41. Rc2 Qxd4 42. Bxd5 Qxd5+ 43. Qg2 Qd1+ 0-1

[Event "SR 1. liga zapad 2015/2016"]
[Site "?"]
[Date "2016.03.19"]
[Round "10.4"]
[White "Pytlik, Pavol"]
[Black "Horvath, Marian"]
[Result "0-1"]
[WhiteElo "2104"]
[BlackElo "2166"]
[PlyCount "148"]
[EventDate "2015.??.??"]

1. e4 c6 2. d3 d5 3. Nd2 e5 4. g3 Bd6 5. Bg2 Ne7 6. Ne2 Bg4 7. f3 Be6 8. O-O g5
9. f4 gxf4 10. gxf4 exf4 11. Nxf4 Bxf4 12. Rxf4 Ng6 13. Rf2 Nd7 14. exd5 cxd5
15. Nf3 Qb6 16. Qe1 O-O-O 17. Be3 Qa6 18. a4 Rhg8 19. Kh1 Kb8 20. b4 Qd6 21.
Nd4 a6 22. b5 Nde5 23. h3 Ka8 24. Nxe6 fxe6 25. bxa6 bxa6 26. Qa5 Nd7 27. Rb1
Rb8 28. Rbf1 Rb7 29. c4 Nh4 30. c5 Qc6 31. d4 Nxg2 32. Rxg2 Rxg2 33. Kxg2 e5
34. Rf2 e4 35. Qd8+ Ka7 36. Qa5 Rb3 37. Bf4 e3 38. Re2 Qg6+ 39. Kh2 Qe4 40.
Qc7+ Rb7 41. Qd6 Qf3 42. Rg2 Nb8 43. Qe5 e2 44. Rxe2 Nc6 45. Qe3 Nxd4 46. Qxf3
Nxf3+ 47. Kg3 Nd4 48. Rd2 Rb4 49. a5 Kb7 50. Bd6 Kc6 51. Rf2 Rb7 52. Rf6 Kb5
53. Kf4 Nc6 54. Bf8 d4 55. Ke4 Rd7 56. Bd6 Rg7 57. Bf8 Rg3 58. Kd5 Rg5+ 59. Ke6
d3 60. Rf2 Nd4+ 61. Kd7 Rf5 62. Rb2+ Kc4 63. c6 Nxc6 64. Kxc6 Rxf8 65. Kb7 Rf6
66. Rb6 Rxb6+ 67. axb6 d2 68. Kxa6 d1=Q 69. b7 Qb3 70. Ka7 Qa4+ 71. Kb6 Qb5+
72. Kc7 Qc5+ 73. Kd7 Qb6 74. Kc8 Qc6+ 0-1

[Event "SR 1. liga zapad 2015/2016"]
[Site "?"]
[Date "2016.03.19"]
[Round "10.4"]
[White "Pinter, Patrik"]
[Black "Szeko, Ludovit"]
[Result "1/2-1/2"]
[WhiteElo "2148"]
[BlackElo "2063"]
[PlyCount "80"]
[EventDate "2015.??.??"]

1. e4 Nf6 2. e5 Nd5 3. d4 d6 4. Nf3 dxe5 5. Nxe5 c6 6. Bc4 Nd7 7. O-O Nxe5 8.
dxe5 e6 9. Nd2 Qc7 10. Nf3 b6 11. a3 Bb7 12. Bd3 h6 13. c4 Ne7 14. Qa4 g5 15.
h3 Bg7 16. Re1 O-O 17. c5 Rfd8 18. Qc2 bxc5 19. Be3 c4 20. Bh7+ Kh8 21. Bc5 Rd5
22. Bd6 Qd7 23. Be4 Nf5 24. Bb4 Ba6 25. Bc3 Ne7 26. Bxd5 cxd5 27. Nd4 Ng6 28.
Nf3 Rg8 29. Qd1 Nf4 30. Kh2 Bf8 31. Bd4 Nd3 32. Re2 Bg7 33. Be3 Bb5 34. Bd4 Ba4
35. Qd2 Qc7 36. g3 Rb8 37. Kg2 Bc6 38. Kg1 a5 39. Re3 a4 40. Rxd3 cxd3 1/2-1/2

[Event "SR 1. liga zapad 2015/2016"]
[Site "?"]
[Date "2016.03.19"]
[Round "10.5"]
[White "Gasa, Andrej"]
[Black "Sipos, Istvan"]
[Result "1/2-1/2"]
[WhiteElo "2297"]
[BlackElo "2473"]
[PlyCount "96"]
[EventDate "2015.??.??"]

1. d4 Nf6 2. Nf3 e6 3. c4 c5 4. e3 d5 5. Nc3 Nc6 6. Be2 dxc4 7. Bxc4 a6 8. a4
cxd4 9. exd4 Be7 10. O-O Nb4 11. Bg5 O-O 12. Qe2 b6 13. Rfd1 Bb7 14. Ne5 Nfd5
15. Bxe7 Qxe7 16. g3 Rfc8 17. Nxd5 exd5 18. Bd3 Nxd3 19. Qxd3 f6 20. Ng4 Re8
21. Ne3 Rac8 22. a5 b5 23. Rac1 g6 24. Rxc8 Rxc8 25. h4 Kg7 26. Qd2 Qc7 27. Ng4
Rf8 28. Rc1 Qd6 29. Qh6+ Kg8 30. Ne3 Rf7 31. Rc5 Qe6 32. Qf4 Qe4 33. Qxe4 dxe4
34. Kf1 Rd7 35. Nc2 Kf7 36. Ke2 h6 37. Ke3 g5 38. hxg5 hxg5 39. Nb4 Ke6 40. Rc1
f5 41. Rh1 f4+ 42. gxf4 gxf4+ 43. Kxf4 Rf7+ 44. Ke3 Rf3+ 45. Ke2 Rb3 46. Nxa6
Rxb2+ 47. Ke3 Rb3+ 48. Ke2 Rb2+ 1/2-1/2

[Event "SR 1. liga zapad 2015/2016"]
[Site "?"]
[Date "2016.03.19"]
[Round "10.5"]
[White "Berczes, Csaba"]
[Black "Rohacek, Miroslav"]
[Result "1/2-1/2"]
[WhiteElo "2360"]
[BlackElo "2329"]
[PlyCount "134"]
[EventDate "2015.??.??"]

1. Nf3 d5 2. g3 Nf6 3. Bg2 c6 4. O-O Bf5 5. d3 h6 6. Nfd2 e6 7. e4 Bh7 8. Nc3
Be7 9. Kh1 O-O 10. f4 c5 11. g4 Nc6 12. g5 hxg5 13. fxg5 Ne8 14. exd5 exd5 15.
Bxd5 Nc7 16. Bxc6 bxc6 17. Nde4 Ne6 18. Qg4 Qd4 19. Qg3 Bg6 20. Be3 Qb4 21.
Rab1 Rad8 22. h4 Nd4 23. Qf2 Bh5 24. Ng3 Bf3+ 25. Kg1 Bg4 26. Bxd4 cxd4 27.
Nce4 f5 28. gxf6 Bxf6 29. Nxf6+ Rxf6 30. Qg2 Rxf1+ 31. Rxf1 Qe7 32. h5 Qg5 33.
Ne4 Qh4 34. Qg3 Qxg3+ 35. Nxg3 Rd5 36. Rf4 Bd1 37. Nf5 Kh7 38. Nxd4 c5 39. Rf1
Rg5+ 40. Kf2 Bxh5 41. Nf3 Rf5 42. Kg2 g5 43. Nd2 Rd5 44. Ne4 Re5 45. Rf6 c4 46.
Ra6 Be2 47. Rxa7+ Kg6 48. Ra6+ Kg7 49. Rd6 cxd3 50. cxd3 Bxd3 51. Rxd3 Rxe4 52.
Kf3 Rb4 53. b3 Kf6 54. Re3 Kf5 55. a3 Rh4 56. Kg3 Rh1 57. b4 g4 58. Kg2 Rb1 59.
Rc3 Kf4 60. Rc4+ Kg5 61. a4 Rb2+ 62. Kg3 Rb3+ 63. Kf2 Rb2+ 64. Kf1 Rb1+ 65. Kg2
Rb2+ 66. Kg3 Rb3+ 67. Kf2 Rb2+ 1/2-1/2

[Event "SR 1. liga zapad 2015/2016"]
[Site "?"]
[Date "2016.03.19"]
[Round "10.5"]
[White "Cajka, Tibor"]
[Black "Janko, Michal"]
[Result "0-1"]
[WhiteElo "2101"]
[BlackElo "2229"]
[PlyCount "86"]
[EventDate "2015.??.??"]

1. e4 Nf6 2. Nc3 d5 3. e5 Ne4 4. Qf3 Nxc3 5. Qxc3 e6 6. d4 b6 7. Be3 Qd7 8. Bd3
Ba6 9. Ne2 Be7 10. O-O O-O 11. a3 c5 12. Bxa6 Nxa6 13. Qd3 Nc7 14. f4 Qb5 15.
Qd2 Rac8 16. f5 exf5 17. Ng3 g6 18. Bh6 Qxb2 19. Ne2 Qb5 20. Ng3 Ne6 21. Nxf5
gxf5 22. Rxf5 Qb2 23. Re1 Qxd4+ 24. Qxd4 Nxd4 25. Rf4 Rc6 26. Bxf8 Bxf8 27. c3
Ne6 28. Ra4 a5 29. Rg4+ Bg7 30. Rd1 d4 31. c4 Kf8 32. Rh4 Kg8 33. Rh5 Nf4 34.
Rf5 Ng6 35. Rdf1 Nxe5 36. h4 Re6 37. g4 d3 38. g5 d2 39. h5 Nxc4 40. g6 hxg6
41. hxg6 fxg6 42. Rd5 Bd4+ 43. Kh1 Re1 0-1